Política fiscal y dinero (Registro nro. 7732)

Detalles MARC
000 -LEADER
fixed length control field 01038 a2200217 4500
001 - CONTROL NUMBER
control field 62632
005 - DATE AND TIME OF LATEST TRANSACTION
control field 20260407155919.0
008 - FIXED-LENGTH DATA ELEMENTS--GENERAL INFORMATION
fixed length control field 260407a1988 arg spa d
003 - CONTROL NUMBER IDENTIFIER
control field AR-UNSa-BCEJYS
040 ## - CATALOGING SOURCE
Original cataloging agency AR-UNSa-BCEJYS
Language of cataloging spa
Transcribing agency AR-UNSa-BCEJYS
080 ## - UNIVERSAL DECIMAL CLASSIFICATION NUMBER
Universal Decimal Classification number 336.02
Common auxiliary subdivision Política financiera. Política fiscal
020 ## - INTERNATIONAL STANDARD BOOK NUMBER
International Standard Book Number 978-950-14-0432-6
041 ## - LANGUAGE CODE
Language code of text/sound track or separate title spa
100 1# - MAIN ENTRY--PERSONAL NAME
Personal name Lascano, Marcelo Ramón
245 10 - TITLE STATEMENT
Title Política fiscal y dinero
264 #1 - PRODUCTION, PUBLICATION, DISTRIBUTION, MANUFACTURE, AND COPYRIGHT NOTICE
Place of production, publication, distribution, manufacture Buenos Aires :
Name of producer, publisher, distributor, manufacturer Ediciones Depalma
Date of production, publication, distribution, manufacture, or copyright notice 1988
300 ## - PHYSICAL DESCRIPTION
Extent xiii, 233 p.
Dimensions 23 cm.
505 ## - FORMATTED CONTENTS NOTE
Formatted contents note 1. El estudio preliminar – 2. De disquisiciones sobre política fiscal, sector público y presupuesto – 3. De la política fiscal y el dinero – 4. Del presupuesto – 5. De los efectos monetarios de la gestión presupuestaria – 6. De la estabilidad monetaria y del equilibrio económico general – 7. De algunas experiencias fiscales y monetarias significativas – 8. De los sistemas de política fiscal intervencionista
590 ## - LOCAL NOTE (RLIN)
Local note niveau_biblio:m niveau_hierar:0
942 ## - ADDED ENTRY ELEMENTS (KOHA)
Koha item type
Existencias
Withdrawn status Lost status Damaged status Not for loan Home library Current library Shelving location Date acquired Total checkouts Full call number Barcode Date last seen Price effective from Koha item type
        Biblioteca Prof. Eusebio Cleto del Rey Biblioteca Prof. Eusebio Cleto del Rey   07/04/2026   336.02 L341 L58783 07/04/2026 07/04/2026 Libro